000 00293nam a2200121Ia 4500
008 191201s2009 xx 000 0 und d
100 _aSINGH,Yogendra
245 0 _aInternational Business and Marketing Management
260 _bAITBS
_c2009
300 _a332
650 _aMBA
942 _2ddc
_cBK
999 _c7010
_d7010